000 01035nam a2200265Ia 4500
003 OSt
005 20221005103821.0
006 a|||||r|||| 00| 0
007 ta
008 221004b |||||||| |||| 00| 0 hin d
020 _a9788178542652 (hbk)
_c800
024 _a13560
037 _b379, 20/03/2014, Eastern Book Linkers
_cTextual
040 _aCRL
_cCRL
_bhin
041 _2hin
_ahin
082 _aQ22:221:g, 152Q3
100 _aशाण्डिल्य, अभय कुमार
245 0 _aपद्मपुराण
_b साहित्य शास्त्रीय परिशीलन
246 _aPadmapurāṇa: sāhitya shāstrīya parishīlana
260 _aदिल्ली
_bईस्टर्न बुक लिंकर्स भारत
_c2013
300 _a250पृ0
_ccm.
650 _aधर्म
942 _hQ22:221:g, 152Q3
_cTEXL
_2cc
999 _c1011003
_d1011003